00557nam a22001577a 4500020001800000040000900018082002100027100002800048245008100076250001600157260004600173650003900219942001200258999001900270952011000289 a9780199408979 cNUST a321.8095491bHUS aHussain, Ishrat 928447 aGoverning the Ungovernable:bInstitutional Reforms for Democratic Governance a5th Edition aKarachi:bOxford University Press,c2018. aGoverning the Ungovernable9125491 2ddccBK c611197d611197 00102ddc4070aCEMEbCEMEcGENd2024-08-28l0o321.8095491 HUSpCEME- 50942r2024-08-28w2024-08-28yBK